Tribhuvan University Central Library

Recent developments in bulk queueing models (Record no. 50052)

MARC details
000 -LEADER
fixed length control field 00453 a2200181 4500
041 ## - LANGUAGE CODE
Language code of text/sound track or separate title Eng
082 ## - DEWEY DECIMAL CLASSIFICATION NUMBER
Classification number 519.82
Item number M468r
100 ## - MAIN ENTRY--PERSONAL NAME
Personal name Medhi, Jyotiprasad
9 (RLIN) 8011
245 ## - TITLE STATEMENT
Title Recent developments in bulk queueing models
260 ## - PUBLICATION, DISTRIBUTION, ETC.
Place of publication, distribution, etc. New Delhi
Name of publisher, distributor, etc. Wiley Estern
Date of publication, distribution, etc. c1984
300 ## - PHYSICAL DESCRIPTION
Extent vi, 80p.
504 ## - BIBLIOGRAPHY, ETC. NOTE
Bibliography, etc. note Bibliography: p. 55-75
650 ## - SUBJECT ADDED ENTRY--TOPICAL TERM
Topical term or geographic name entry element Queuing theory
9 (RLIN) 8012
653 ## - INDEX TERM--UNCONTROLLED
Uncontrolled term Probabilities
942 ## - ADDED ENTRY ELEMENTS (KOHA)
Source of classification or shelving scheme Dewey Decimal Classification
Koha item type AS
518 ## - DATE/TIME AND PLACE OF AN EVENT NOTE
-- 2011-01-03
530 ## - ADDITIONAL PHYSICAL FORM AVAILABLE NOTE
-- M
Holdings
Withdrawn status Lost status Source of classification or shelving scheme Damaged status Not for loan Home library Current library Date acquired Total Checkouts Full call number Barcode Date last seen Price effective from Koha item type
    Dewey Decimal Classification     Tribhuvan University Central Library Tribhuvan University Central Library 01/03/2011   519 91466 01/03/2011 01/03/2011 General Collections
    Dewey Decimal Classification     Tribhuvan University Central Library Tribhuvan University Central Library 01/03/2011   519 91467 01/03/2011 01/03/2011 General Collections